000 03653cam a2200301 a 4500
999 _c9014
_d9014
001 38602091
003 OCoLC
005 20241126110703.0
008 980306s1998 tnua b 001 0 eng
010 _a98003541
020 _a0805410759 (pbk.)
020 _a0080540759
040 _aDLC
_cDLC
_dZID
_dPGM
_dOCL
_dBSC
082 _a266
_bMIS
092 _a266
_bM678t
245 0 0 _aMissiology :
_ban introduction to the foundations, history, and strategies of world missions /
_cedited by John Mark Terry, Ebbie Smith and Justice Anderson.
260 _aNashville, Tenn. :
_bBroadman & Holman Publishers,
_cc1998.
300 _aix, 750 p. :
_bill. ;
_c23 cm.
504 _aIncludes bibliographical references (p. 685-732) and indexes.
505 0 _aAn overview of missiology / Justice Anderson -- The purpose of missions / Gerald D. Wright -- The present situation in missions / Jerry A. Rankin -- Old Testament foundations for missions / W. Bryant Hicks -- The Gospels and Acts : Jesus the missionary and His missionary followers / Robert Garrett -- Missions in the Pauline Epistles / George Martin -- The missionary mandate of God's nature / G. William Schweer -- The missionary purpose of God's people / Ron Rogers -- The missionary motivation of God's salvation / J. Sam Simmons -- The state of the unevangelized and its missionary implications / Millard J. Erickson -- The history of missions in the early church / John Mark Terry -- Medieval and Renaissance missions (500-1792) ; The great century and beyond (1792-1910) / Justice Anderson -- Garden or wilderness? : the mission to America / Charles L. Chaney -- Turbulent and transitional : the story of missions in the twentieth century / R. Alton James -- Culture : the milieu of missions / Ebbie Smith -- Cross-cultural communication / Robert Don Hughes -- "To be or not to be?" : the indigenous church question / Keith E. Eitel -- Contextualization and the missionary endeavor / Daniel R. Sanchez -- Missionary call and service / William E. Goff -- Traditional religions : primal religiosity and mission dynamics / Keith E. Eitel -- Eastern religions / Ronald C. Hill -- The religions of the Middle East : Islam and Judaism / James D. Chancellor and Jeffery Wasserman -- Contemporary cults / R. Philip Roberts -- Contemporary theology of religions ; Introduction to the strategy and methods of missions / Ebbie Smith -- Contextual evangelism strategies / C. Thomas Wright -- Strategies for starting churches / Daniel R. Sanchez -- Strategies for church growth / Thom S. Rainer -- Strategies for church development / James B. Slack -- Strategies for humanitarian ministries / John Cheyne -- Theological education and missions : an African case study / Vance C. Kirkpatrick -- Religious education and missions / Tommy L. Bridges -- Strategies for music in missions / J. Stanley Moore -- Strategies for ethnic ministries / Jose A. Hernandez -- Strategies for the development of the spiritual life of missionaries / Marion G. Fray -- Strategies for missions education in the local church / Monte Clendinning -- The missionary family / Dellana O'Brien -- Spiritual warfare and the missionary task / Tommy D. Lea -- Thriving in the ecotones : the local church and world missions / James Dennison -- One for all and all for one : a case study / Robert E. Reccord -- The unfinished task / Avery T. Willis, Jr.
610 2 0 _aSouthern Baptist Convention
_xMissions.
_93773
650 0 _aMissions.
_9885
650 0 _aBaptists
_xMissions.
_92908
700 1 _aTerry, John Mark,
_d1949-
_915739
700 1 _aSmith, Ebbie C.
_915740
700 1 _aAnderson, Justice,
_d1929-
_915741
942 _2ddc
_cBK
_03